000 00756nam a22002417a 4500
001 42205
003 UA-OsUOA
005 20211018211721.0
007 ta
008 20061030b un ||||| |||| 00| 0 ukr d
040 _aUA-OsUOA
_brus
_cUA-OsUOA
_dUA-OsUOA
041 _arus
080 _a82.09(470+571)
090 _a82.09(470+571)
_bД79
100 _aДубинская М. С.
245 _aРусская литература в 4-5 классах
260 _aДніпропетровськ
_bРадянська школа
_c1975
300 _a174 с.
650 7 _a82.09 Літературна критика. Літературні дослідження
_2UDC
700 _aНовосельская Л. С.
942 _cBK
_2udc
955 _a2
999 _c328333
_d328333